Sborník přednášek 3.ročníku mezinárodní konference Bioplynové stanice Bratislava 26.2. 2009

Guardado en:
Detalles Bibliográficos
Otros Autores: Tomášek Servis, s.r.o (organizátor konferencie)
Formato: Libro
Lenguaje:lenguas múltiples
Publicado: Bratislava Ministerstvo hospodárstva SR 2009
Materias:
Acceso en línea:Ver en el OPAC
Etiquetas: Agregar Etiqueta
Sin Etiquetas, Sea el primero en etiquetar este registro!

MARC

LEADER 00000nam a2200000 a 4500
005 20260127134115.0
008 090217 2009 xo 000 0 mul d
035 |a vtls009473694 
039 9 |a 200903031302  |b mschk03  |y 200902170905  |z mschk03 
040 |a STUSCHK1  |b slo  |c STUSCHK1  |e AACR2 
080 |a 628.4.042 
080 |a (082) 
245 1 |a Sborník přednášek 3.ročníku mezinárodní konference Bioplynové stanice  |b Bratislava 26.2. 2009 
260 |a Bratislava  |b Ministerstvo hospodárstva SR  |c 2009 
300 |a nestr. 
650 0 |a bioplyn 
650 0 |a bioplynové stanice 
700 0 |a Tomášek Servis, s.r.o.  |4 organizátor konferencie 
910 |a SCHK95 
999 |c 4229  |d 4229